Michal Francisci (9.2.1905-8.6.1980)

Podrobná bibliografia
Hlavný autor: Bobák, Ján, 1950- (Autor)
Médium: Článok
Jazyk:slovenčina
Fyzický popis:Lit. 3 zázn. v slov.
Predmet:

MARC

LEADER 00000nab a2200000 a 4500
001 vtls000455624
003 SK-MaSNL
005 20260304222301.0
008 160215c1990 xo 0 slo
015 |a SNBRA19rr/mm-uuuuu 
035 |a CL0455755 
040 |a SNKBUCL  |b slo  |c SNKBUCL  |e AACR2 
041 0 |a slo 
044 |a xo  |c SK 
080 |a 284.2  |2 1981 
080 |a 943.76  |2 1981 
080 |a 323.113(439=854)  |2 1981 
080 |a 929 Francisci, Michal  |2 1981 
100 1 |a Bobák, Ján,  |d 1950-  |4 aut  |9 104397 
245 1 0 |a Michal Francisci (9.2.1905-8.6.1980)  |c Ján Bobák 
300 |b Lit. 3 zázn. v slov. 
600 1 7 |a Francisci, Michal,  |d 1905-1980  |2 snkbucl  |9 37954 
650 0 7 |a Slováci v zahraničí  |2 snkbucl  |9 14695 
651 7 |a Maďarsko  |2 snkbucl  |9 16754 
655 7 |a články zo zborníkov  |2 snkbucl  |9 166140 
773 0 |t Slováci v zahraničí 16  |d Martin : Matica slovenská, 1990 
850 |a Slovenská národná knižnica v Martine  |a MTA001 
852 |a SNK  |b KIS3GCP 
958 |a BX 
958 |a RK 
992 |a RZB 
999 |c 3162413  |d 3164343